000 00456nam a22001337a 4500
008 140822b xxu||||| |||| 00| 0 eng d
020 _a0406090726
050 _aKD275.4.L39(1876-77 vol.2)
245 _aThe Law Reports, Appeal Cases(1876-77): Appeal Cases before the House of Lords and the Judicial Committee. /
260 _aLondon:
_bButterworth & Co. Ltd,
_c1877.
300 _aix, 875p.
_c24cm.
440 _pAppeal cases 1876 to 1877
942 _2lcc
_cBK
999 _c3670
_d11170